01020nam a22002657a 45000010005000000030006000050050017000110080041000280200018000690400029000870500013001160820010001291000030001392450069001692500027002382600042002653000045003075050007003525200267003595210019006265210018006456500025006636500036006887000030007244866FISKH20241021153255.0241021b cb ||||| |||| 00| 0 eng d a9781593540661 aFISKHbengcFISKHdFISKH aPZ7.Z487 a813.3 aZiefert, Harrietd(1941-) aMurphy meets paris /cHarriet Ziefert Illustrated by Emily Bolam aFirst edition in 2004. aMaplewood :bBlue Apple Books,c2004. a32 pages :bColor illustrations ;c29 cm aL  a"Murphy and Cheryl jet off to Paris on a special 'Heavenly Pets' package. Although Murphy is miserable after the long plane trip, he soon perks up after a good night's sleep and a delicious dog breakfast at the four-star hotel where he and Cheryl are staying..."8 a510L bLexile 8 aL bRaz-Plus  2Children's bookaDog 2French foodaLabrador Retriever aBolam, EmilydIllustrator